000 00525nam a2200193Ia 4500
003 GCL
008 140319s9999 xx 000 0 eng d
040 _aGCL /
_cGCL
082 0 4 _a302.35
_bR E
100 1 _aBRANDT, RHONDA
245 1 0 _aEFFECTIVE HUMAN RELATIONS IN ORGANIZATIONS /
_cBRANDT, RHONDA
700 1 _aREECE, BARRY L.
260 _a[S.N] :
_bHOUGHTON MIFFLIN COMPANY ،
_c1993
300 _a558 P
650 0 4 _aMANAGEMENT
650 0 4 _aINTERPERSONAL RELALIONS
650 0 4 _aORGANIZATIONS
942 _2ddc
_cBK
999 _c16725
_d16725